Регионална библиотека "Любен Каравелов" - Русе

Телевизионные приемники (Запис номер 388049)

MARC детайли
000 -Лидер
Контролно поле с фиксирана дължина nkm a22 a 4500
003 - Код на организацията, давaща контролен номер
Контролно поле BLK
005 - Дата и час на последна редакция
Контролно поле 20200923083346.0
008 - Елементи от данни с фиксирана дължина
fixed length control field 200923b bu ||||| |||| 00| 0 bu d
040 ## - Източник на каталожния запис
Идентификатор на билиотеката - собственик на записа BLK
041 ## - Код за език
Код за езика на текст/звукозапис или на отделно заглавие Руски
Код за езика КДБФ Руски
080 ## - УДК
Текстов определител УДК Телевизионни приемници. Телевизори
УДК код - определител по УДК 621.397.62
УДК - код + определител 621.397.62
139 ## - Редно поле
Редна дума Телевизионные приемники
245 ## - Сведения за заглавието
Заглавие Телевизионные приемники
Редно поле (дума) Альбом-справочник
257 ## - Страна на издаване
Страна на създаване/издаване СССР
260 ## - Област на издателските данни
9 (RLIN) 211509
Място на издаване, разпространение и проч. Москва
Име на издателя, разпространителя и проч. Связь
Година на издаване 1964
300 ## - Физическа характеристика
Страници 72 с.
Илюстрации и др. схем.
Размери/Мащаб 25Х39
380 ## - Жанр
Жанр Техника
490 ## - СЕРИИ (Колекции)
9 (RLIN) 433860
Име на серия Библиотека Телевизионный прием
№: серия 16
653 #7 - Ключова дума – ненормативна
9 (RLIN) 198114
Ключова дума телевизори
653 #7 - Ключова дума – ненормативна
9 (RLIN) 197742
Ключова дума схеми
852 ## - Местоположение
Форматна сигнатура Цб 302966
Фондова буква Хранилище
999 ## - СИСТЕМНИ КОНТРОЛНИ НОМЕРА
Koha biblionumber 388049
Koha biblioitemnumber 388049
942 ## - АРТИКУЛИ
Вид на библиотечния материал Графични издания
Скрит в OPAC Не
Периодичен библиозапис Да
944 ## - СЪЗДАВАНЕ И РЕДАКЦИЯ на ЗАПИСА
Създаване/Редакция Създаване
Дата на регистрацията/редакция 2020-09-23
Служител, извършил регистрацията/редакцията гц
Наличности
Код за отписване Код за изгубен артикул Източник на класификационната схема Код за повреда Коз за рестрикции Код за отдаване Артикулен № Име на библиотеката - собственик Име на библиотеката, в която се намира в момента Статус (Текущо местоположение) Дата на вписване в системата Местоположение - отдел Цена в лева Инвентарен номер Систематично азбучна сигнатура Баркод Цена в евро Служебен тип на артикула
  Не е изгубен Universal Decimal Classification Не е повреден само за читалня ползва се в читалня 800345 Регионална библиотека "Любен Каравелов" Русе Регионална библиотека "Любен Каравелов" Русе Хранилище 2020-09-23 Основен фонд - ползва се само за читалня 0.80 3080/65 Цб 302966 900000021950 0.41 Графични издания
Vip Innovations Ltd, Rousse, Bulgaria 2025